5 Biggest Cities : Czech Republic - Statistics

General Stats
  • This quiz has been taken 201 times
  • The average score is 4 of 5
Answer Stats
Rank City % Correct
1. Prague
98%
2. Brno
91%
3. Ostrava
77%
4. Plzen
69%
5. Liberec
49%
No matching quizzes found
Score Distribution
Percent of People with Each Score
Percentile by Number Answered
Your Score History
You have not taken this quiz